000 00282nmm a2200085Ia 4500
008 220120s9999||||xx |||||||||||||||||und||
100 _aChandrupatla, Tirupathi R and Belegundu, Ashok D
245 0 _aIntroduction to finite elements in engineering
260 _aTata mcgraw hill
_bNew Delhi
999 _c139512
_d139512